LEADER 00731naa a2200145 i 4500 001 000000300838 003 CaOOAMICUS 005 20180831172710.0 008 180831n xx u000 u und u 013 $a8560 040 $aSeMil$bita 100 1 $aBaudinet-Mondzain, Maria-José.$0(OLS)http://semarc/name/86386 245 10$aAutour de quelques concepts philosophiques de l'iconoclasme et de France, Paris, les 2,3,4 octobre 1986 ; édités par F. Boespflug e. 773 0 $tNicée 2., 787-1987.$dParis : Les Éditions du Cerf, 1987.$kHistoire$z2-204-02705-7$w()34902 996 $6245$aAutour de quelques concepts philosophiques de l'iconoclasme et de France, Paris, les 2,3,4 octobre 1986 ; édités par F. Boespflug e$9(OLS)http://semarc/title/376852 LEADER 00463nab a2200133 i 4500 001 000000325550 003 CaOOAMICUS 005 20180831173504.0 008 180831n it uu u0 0ita r 013 $a36600 040 $aSeMil$bita 245 10$aPadre Enrico Motta. - In [rubrica] :$bConosci il tuo Seminario. 773 0 $t[DICEMBRE 2002]. - 32 p.$gp.26-27$w()283217 996 $6245$aPadre Enrico Motta. - In [rubrica] :$bConosci il tuo Seminario.$9(OLS)http://semarc/title/398703